00331nam a2200133Ia 4500008004100000041000800041082001800049100001900067245002200086250000700108260004000115300003300155365000900188240624s9999 xx 000 0 und d aeng a332.63223 ZIT aZITO MATTHEW D aTRADE IPOS ONLINE a11 c2000aNew YorkbJohn Wiley and Sons axviii, : 206 : p. : cm. ; 23 cb30